| 000 | 00918nam a2200253Ia 4500 | ||
|---|---|---|---|
| 005 | 20250425162127.0 | ||
| 008 | 250425s9999 xx 000 0 und d | ||
| 020 | _a968243663X | ||
| 041 | _aspa | ||
| 082 | _a631 | ||
| 100 | _aKOESLAG, JOHAN H | ||
| 245 | 0 | _aMANUALES PARA EDUCACION AGROPECUARIA: OVINOS V.3 | |
| 250 | _a1A ED. | ||
| 260 | _aMEXICO | ||
| 260 |
_aMéxico _bTRILLAS _c1990 |
||
| 300 | _a94 | ||
| 500 | _aEN CIBGZ-FIMCP 50235 PARA ING. AGROP. Y TECN. AGRICOLA. | ||
| 520 | _aLOS SISTEMAS DE PRODUCCION OVINA SON DIFERENTES Y DEPENDEN DE LOS PROPIETARIOS DE LA CANTIDAD DE ANIMALES, ESPECIALMENTE DE LOS RECURSOS ECONOMICOS DEL PRODUCTOR.EXISTEN MUCHOS FACTORES QUE FRENAN EL DESARROLLO DE LA OVINOCULTURA EN LATINOAMERICA. UN | ||
| 650 | _aGANADO OVINO-CRIA | ||
| 650 | _aOVEJAS | ||
| 710 | _aDIRECCION GENERAL DE EDUCACION TECNOLOGICA AGROPECUARIA | ||
| 942 | _c01 | ||
| 010 | _a51633 | ||
| 999 |
_c222872 _d222872 |
||